| 000 | 00521nam a2200169 i 4500 | ||
|---|---|---|---|
| 001 | 91226 | ||
| 003 | ES-MaACL | ||
| 005 | 20230906180653.0 | ||
| 007 | t| | ||
| 008 | 050128s1962 sp ||||1| spa d | ||
| 100 | 1 |
_aLester, Bernard. _971862 |
|
| 245 | 1 | 0 |
_aIngeniería de ventas / _cpor Bernard Lester ; traducido por Santiago González Esteban. |
| 260 |
_aBilbao : _bDeusto, _c[1962] |
||
| 300 |
_aX, 228 p. : _bil. ; _c25 cm. |
||
| 700 | 1 |
_aGonzález Esteban, Santiago. _958620 |
|
| 852 |
_aES-MaACL _jC-23791 _bR.52452 |
||
| 999 |
_c91226 _d91226 |
||